Normal view
MARC view
Entry Personal Name
001 - CONTROL NUMBER
- control field: 41771
003 - CONTROL NUMBER IDENTIFIER
- control field: dpl
005 - DATE AND TIME OF LATEST TRANSACTION
- control field: 20120213150203.0
008 - FIXED-LENGTH DATA ELEMENTS
- fixed length control field: 120213|||a|||||| | ||| d
040 ## - CATALOGING SOURCE
- Original cataloging agency: dpl
- Transcribing agency: dpl
100 ## - HEADING--PERSONAL NAME
- Personal name: Ulrich, Laurie Ann
670 ## - SOURCE DATA FOUND
- Source citation: Work cat.: (dpl): Ulrich, Laurie Ann, Troubleshooting microsoft excel spreadsheets /, 2001
670 ## - SOURCE DATA FOUND
- Source citation: Work cat.: (dpl): Ulrich, Laurie Ann, Troubleshooting microsoft excel spreadsheets /, 2001
